=LDR 00000nam 2200000 4500 =001 NUTBA000000000001852 =005 20141120072158.0 =006 =007 =008 =020 ##$$a 978-979-29-1799-4 =035 ##$$a 0010-051400000000317 =040 ##$$a NBPDMAT =082 ##$$a 639.39 =090 ##$$a 639.39 $b Dav m =100 ##$$a Davied Hendra =245 ##$$a Mengapa bisa 2 milyar ? : $b Buku pintar bisnis dan budi daya tokek / $c Davied Hendra =250 ##$$a Ed.1 =260 ##$$a Yogyakarta : $b Lily publisher, $c 2011 =300 ##$$a x, 134 hlm. : $b ilus. ; $c 21 cm. =500 ##$$a Bibliografi : hlm. 123 =650 ##$$a Budidaya Tokek =850 ##$$a NBPDMAT =990 ##$$a 21400572 =990 ##$$a 21400613/BPAP-NTB/20142014 =990 ##$$a 21400613/BPAP-NTB/20142014 =990 ##$$a 21400613/BPAP-NTB/20142014 =990 ##$$a 21400613/BPAP-NTB/20142014 =990 ##$$a 21400613/BPAP-NTB/20142014 =990 ##$$a 21400613/BPAP-NTB/20142014